000 00902nam a2200265 a 4500
999 _c2603
_d2603
001 1638636
003 GBCCL
005 20241126110433.0
008 970513s1996 txuab 000 0 eng
010 _a 96090414
020 _a0963627848
040 _aDLC
_cDLC
050 0 0 _aBS475.2
_b.W524 1996
082 0 0 _a220.61
_221
_bWHI
100 1 _aWhite, Joseph A.,
_d1955-
_95474
245 1 4 _aThe baby boomer Bible study /
_cwritten by Joseph A. White ; technical editor, Jerry Chism.
260 _aArlington, Tex. :
_bWhite Diversified Engineering,
_cc1996.
300 _axvi, 374 p. :
_bill., maps ;
_c28 cm.
630 0 0 _aBible
_xIntroductions.
_91867
630 0 0 _aBible
_xTextbooks.
_9461
700 1 _aChism, Jerry.
_95475
906 _a7
_bcbc
_corignew
_d3
_eopcn
_f19
_gy-gencatlg
942 _2ddc
_cBK
_02